000
00307nam a22001337a 4500
008
171024b xxu||||| |||| 00| 0 eng d
020
_a
9780130143600
041
_a
eng
080
_2
7 ED
_a
311
100
_a
55
101
_a
STA
245
_a
A FIRST COURSE IN STATISTICS
_c
SINCICH.M
942
_2
udc
_c
BK
999
_c
35752
_d
35752